000 00821nam a2200241Ia 4500
003 OSt
005 20220923220847.0
006 a|||||r|||| 00| 0
007 ta
008 220922b |||||||| |||| 00| 0 hin d
024 _a191,474
037 _cTextual
040 _aARTS
_cARTS
_bhin
041 _2hin
_ahin
082 _aV2y7M89w, 152M3
100 _aबॉण्ड, रस्किन
_9156318
245 0 _aयुग पुरूष नेहरू, अनु राजेनद्र अवस्थी
246 _aYug purūṣh neharū, anu0 rājenadra avasthī
260 _aदिल्ली
_b ओरिएण्ट पेपंर
_c1983
300 _a140पृ.
_ccm.
942 _hV2y7M89w, 152M3
_cTEXL
_2CC
999 _c344181
_d344181